Analýza výsledkov penetračných testov a eliminácia hrozieb verejne dostupnej aplikácie diplomová práca

Na minha lista:
Detalhes bibliográficos
Autor principal: Bedenský, Daniel
Autor Corporativo: Fakulta hospodárskej informatiky EU. Katedra aplikovanej informatiky
Outros Autores: Sojka, Pavol, 1978-
Formato: Livro
Idioma:eslovaco
Publicado em: Bratislava 2024
Tags: Adicionar Tag
Sem tags, seja o primeiro a adicionar uma tag!

MARC

LEADER 00000nbm a2200000 4500
001 0301109
005 20250127094418.6
041 0 |a slo 
044 |a SK 
245 1 0 |a Analýza výsledkov penetračných testov a eliminácia hrozieb verejne dostupnej aplikácie  |b diplomová práca  |c Daniel Bedenský ; školiteľ: Pavol Sojka 
264 1 |a Bratislava  |c 2024 
300 |a 58 s. 
100 1 |a Bedenský, Daniel 
700 1 |a Sojka, Pavol, 1978- 
710 2 |a Fakulta hospodárskej informatiky EU. Katedra aplikovanej informatiky